000 00740nam a2200229 a 4500
999 _c9407
_d9407
001 9407
003 BD-JhCC
005 20180527135330.0
008 180314s1987 b a|||| ||a| 000 0 d
035 _a(BD-JhCC)9407
040 _aBD-JhCC
_dBD-JhCC
041 _aben
082 _a928
_bMOK 1987
100 _aমকসুদ, সৈয়দ আবুল
245 _a গোবিন্দচন্দ্র দাস :
_c১৮৫৫-১৯১৮ /
_bসৈয়দ আবুল মকসুদ
260 _aঢাকা :
_bবাংলা একাডেমী ;
_c1987.
300 _a64 p. :
_c21 cm.
490 _aজীবনী গ্রন্থমালা
651 _aBiography.
942 _2ddc
_cBK